02916nam a2200553Ia 45000010005000000080041000050100008000460410014000540820020000682450138000882600018002263000008002445200007002526300016002596300028002756300023003036300027003266300022003536500016003756900024003917000033004157000028004489010037004769020006005139030041005199040018005609050031005789060006006099070017006159080044006329090060006769100015007369110010007519120041007619130009008029140028008119150019008399160009008589170009008679180014008769190036008905201379009269210007023059220007023129230006023199240014023259420010023399990013023491004241029s9999 xx 000 0 und d a922 aEspañol aTPG MMM-01 2008 0aEstrategia didáctica para la formación y desarrollo de habilidades referidas a trabajo en equipo con apoyo, en las TIC en UNAPEC. aSanto Domingo a127 a18 aFormación aOrientación Educativa aPráctica Docente aTecnología Educativa aTrabajo en Equipo aEnseñanza aCopiado sin cambios easesoraMontes de Oca, Nancy eautoraJulián, Soraya a{"1":"Julián"}b{"1":"Soraya"} a1 a{"1":"Montes de Oca"}b{"1":"Nancy"} aMaestría en aCiencias de la Educación a1 aMención en aEnseñanza de la Matemática Superior aUniversidad Acción Pro Educación y Cultura (UNAPEC) aNULLbNULL a["1"] aUniversidad de Camagüey (UC), Cuba aNULL a01 de Diciembre de 2008 a21/12/19 09:12 aNULL aNULL aNO APLICA a["200","148","162","191","193"] aEsta investigación hace referencia a la problemática formación y desarrollo de la habilidad trabajo en equipo, con apoyo de las TIC. A través de la caracterización y el diagnóstico, se identificaron insuficiencias relacionadas con esta problemática, en la asignatura Orientación Universitaria. Por lo que es importante trabajar la formación y desarrollo de la misma. Para ello, se determinó el siguiente problema de investigación: insuficiente desempeño en la formación y desarrollo de la habilidad referida al trabajo en equipo con apoyo de las TIC en UNAPEC. El objetivo de la investigación es el diseño de una estrategia didáctica, a partir de una serie de tareas, para la formación y desarrollo de la habilidad referida al trabajo en equipo con apoyo de las TIC, en la asignatura Orientación Universitaria, SOC-030. Se utilizaron varios métodos y técnicas acorde con la investigación realizada. El aporte científico estará dado en la estrategia didáctica, basada en una tipología de tareas docentes para la formación y desarrollo de la habilidad referida a trabajo en equipo, con apoyo en las TIC, en los y las estudiantes en la asignatura Orientación Universitaria SOC-030. La cual también será de gran utilidad para los docentes. A través de la tesis se evidencia la eficacia de la estrategia planteada.  a16 a16 a0 aNO APLICA cTesis c922d922